Southville International School and Colleges
Your cart is empty.
  • Cart
  • Lists
    Public lists Eva Luna New books Lux_list list_1
    Your lists Log in to create your own lists
  • Log in to your account
  • Your cookies
  • Search history
Southville International School and Colleges
  • Advanced search
  • Recent comments
  • Most popular
  • Libraries

Log in to your account

Log in with GOOGLE


If you do not have an external account, but do have a local account, you can still log in:

  1. Home
  2. MARC view: Standardizing written English :
Normal view MARC view ISBD view

Standardizing written English : (Record no. 118074)

[ view plain ]
MARC details
000 -LEADER
fixed length control field 00710nam a2200205Ia 4500
008 - FIXED-LENGTH DATA ELEMENTS--GENERAL INFORMATION
fixed length control field 140609s9999 xx 000 0 und d
020 ## - INTERNATIONAL STANDARD BOOK NUMBER
International Standard Book Number 9780521024044
050 ## - LIBRARY OF CONGRESS CALL NUMBER
Classification number PE 2102
Item number .D48 2006
100 ## - MAIN ENTRY--PERSONAL NAME
Personal name Devitt, Amy J.
245 ## - TITLE STATEMENT
Title Standardizing written English :
Remainder of title diffusion in the case of Scotland, 1520-1659 /
Statement of responsibility, etc Amy J. Devitt
260 ## - PUBLICATION, DISTRIBUTION, ETC. (IMPRINT)
Place of publication, distribution, etc Cambridge [England] ; New York :
Name of publisher, distributor, etc Cambridge University Press,
Date of publication, distribution, etc c2006.
300 ## - PHYSICAL DESCRIPTION
Extent 122 p. :
Other physical details ill. ;
Dimensions 23 cm.
500 ## - GENERAL NOTE
General note Includes bibliographical references and index.
521 ## - TARGET AUDIENCE NOTE
Target audience note
650 ## - SUBJECT ADDED ENTRY--TOPICAL TERM
Topical term or geographic name as entry element Scots language
General subdivision History.
650 ## - SUBJECT ADDED ENTRY--TOPICAL TERM
Topical term or geographic name as entry element Scots language
General subdivision Standardization.
650 ## - SUBJECT ADDED ENTRY--TOPICAL TERM
Topical term or geographic name as entry element Scots language
General subdivision Written Scots.
942 ## - ADDED ENTRY ELEMENTS (KOHA)
Call number prefix Foreign
Koha item type Books
Holdings
Withdrawn status Lost status Damaged status Home library Current library Shelving location Date acquired Cost, normal purchase price Total Checkouts Full call number Barcode Date last seen Price effective from Koha item type
      College Library College Library General Circulation Section 06/09/2014 1790.00   PE 2102 .D48 2006 C18362 05/15/2018 06/09/2014 Books

Standardizing written English :

APA

Devitt A. J., . (2006). Standardizing written English. Cambridge [England] ; New York: Cambridge University Press.

Chicago

Devitt Amy J, . 2006. Standardizing written English. Cambridge [England] ; New York: Cambridge University Press.

Harvard

Devitt A. J., . (2006). Standardizing written English. Cambridge [England] ; New York: Cambridge University Press.

MLA

Devitt Amy J, . Standardizing written English. Cambridge [England] ; New York: Cambridge University Press. 2006.

  • Place hold
  • Print
  • Cite
  • Add to your cart (remove)
  • Save record
    BIBTEX Dublin Core MARCXML MARC (non-Unicode/MARC-8) MARC (Unicode/UTF-8) MARC (Unicode/UTF-8, Standard) MODS (XML) RIS
  • More searches
    Search for this title in:
    Other Libraries (WorldCat) Other Databases (Google Scholar) Online Stores (Bookfinder.com) Open Library (openlibrary.org)

Exporting to Dublin Core...

SOUTHVILLE LIBRARY

Southville International School and Colleges Library

1281 Tropical Ave. Cor. Luxembourg St., BF Homes International, Las Pinas City

Tel. No. 8256374 / 252358 Loc. 117/146

Powered by Koha